Statystyki dla Postacie z wiedźmina

Kliknij tutaj aby rozwiązać quiz!

Ogólne statystyki

  • Ten quiz został rozwiązany 2 935 razy
  • Średni wynik to 11 z 14

Statystyki odpowiedzi

HintsOdpowiedź% Poprawnych
Główny bohaterGeralt
100%
Młoda wiedźmińka która nie przeszła mutacji, dziecko niespodziankaCiri
96%
Nauczyciel i najstarszy wiedźminVesemir
96%
Najlepszy przyjaciel głównego bohatera, bardJaskier
90%
Czarodziejka o kasztanowych włosach, główny bohater miał z nią romansTriss
90%
Czarnowłosa czarodziejka, miłość głównego bohateraYennefer
90%
Adresat słynnego cytatu kończącego się słowami ,,ty chu*u"Lambert
87%
Krasnolud, przyjaciel głównego bohatera IZoltan
82%
Rówieśnik i przyjaciel głównego bohateraEskel
80%
Wiedźmin szkoły żmiji, występuje w 2 i 3 części gryLetho
74%
Czarodziejka, założycielka LożyFilippa
52%
Początkujący wiedźmin z 1 części gryLeo
50%
Krasnolud, przyjaciel głównego bohatera IIYarpen
45%
Młody wiedźmin, zmarl w bitwie pod brennąCoën
30%

Rozkład punktacji

Percentyl według liczby udzielonych odpowiedzi

Procent ludzi z każdym wynikiem

Twoja historia wyników

Nie rozwiązałeś tego quizu